Представление документа в формате MARC21

ПолеНазваниеЗначение
  Тип записи a
  Библиографический уровень m
001 Контрольный номер RU\infra-m\znanium\bibl\2225869
005 Дата корректировки 20260429142111.7
008 Кодируемые данные 250910s2025 RU g rus u
020 Индекс ISBN __
a ISBN 978-5-9729-2543-8
040 Источник каталогиз. __
a Служба первич. каталог. Общество с ограниченной ответственностью «ЗНАНИУМ»
041 Код языка издания __
a Код языка текста rus
044 Код страны публикации __
a Код страны публикации RU
080 Индекс УДК __
a Индекс УДК 528
084 Индекс другой классификации/Индекс ББК __
2 Источник индекса rubbk
a Индекс другой классификации/Индекс ББК 261
084 Индекс другой классификации/Индекс ББК __
2 Источник индекса okso
a Индекс другой классификации/Индекс ББК 21.02.03
084 Индекс другой классификации/Индекс ББК __
2 Источник индекса okso
a Индекс другой классификации/Индекс ББК 21.02.11
084 Индекс другой классификации/Индекс ББК __
2 Источник индекса okso
a Индекс другой классификации/Индекс ББК 21.03.01
084 Индекс другой классификации/Индекс ББК __
2 Источник индекса okso
a Индекс другой классификации/Индекс ББК 21.05.05
084 Индекс другой классификации/Индекс ББК __
2 Источник индекса okso
a Индекс другой классификации/Индекс ББК 21.05.06
100 Автор __
a Автор Бортников М.П.
q Полное имя Бортников Михаил Петрович
u Дополнение Самарский государственный технический университет
245 Заглавие __
a Заглавие Геодезия и маркшейдерское дело
b Продолж. заглавия Практическое пособие
c Ответственность Самарский государственный технический университет
250 Сведения об издании __
a Основные сведения об издании 1
260 Выходные данные __
a Место издания Вологда
b Издательство Инфра-Инженерия
c Дата издания 2025
300 Физическое описание __
a Объем 172 с.
520 Аннотация __
a Аннотация Представлены задания и методические указания по выполнению практических работ по геодезии и маркшейдерскому делу в нефтегазовой отрасли. Изложены методы работы с топографическими картами и маркшейдерскими планами различными геодезическими приборами. Для студентов обучающихся по специальностям высшего образования 21.03.01 «Нефтегазовое дело» 21.05.05 «Физические процессы горного или нефтегазового производства» 21.05.06 «Нефтегазовые техника и технологии» и среднего профессионального образования 21.02.01 «Разработка и эксплуатация нефтяных и газовых месторождений» 21.02.02 «Бурение нефтяных и газовых скважин» 21.02.03 «Сооружение и эксплуатация газонефтепроводов и газонефтехранилищ» 21.02.11 «Геофизические методы поисков и разведки месторождений полезных ископаемых» и других направлений изучающих геодезию и маркшейдерское дело в нефтегазовой отрасли.
521 Примеч. о цел. назн. __
a Примеч. о целев. назн. ВО - Специалитет
650 Тематические рубрики __
a Основная рубрика Науки о Земле. Экология
x Основная подрубрика Высшая геодезия
655 Указ. предметных рубрик (устаревшее) __
a Жанр/ форма (устаревшее) Практическое пособие
856 Электронный адрес документа 4_
a Имя сервера/домена znanium.ru
m Помощь ebs_support@infra-m.ru
n Местонахождение сервера НИЦ ИНФРА-М
u URL https://znanium.ru/catalog/document?id=469485
856 Электронный адрес документа 48
a Имя сервера/домена znanium.ru
d Путь /cover/2225
f Электронное имя 2225869.jpg
u URL https://znanium.ru/cover/2225/2225869.jpg
911 __
u 0030=https://znanium.ru/catalog/document?id=469485